| 000 | 00444nam a22001697a 4500 | ||
|---|---|---|---|
| 003 | OSt | ||
| 005 | 20140310182334.0 | ||
| 008 | 130316t xxu||||| |||| 00| 0 eng d | ||
| 020 | _a0811824632 | ||
| 050 |
_bPZ 7 _a.L13735Pr 1995 |
||
| 082 | _bJUV 01178 1995 | ||
| 245 |
_aPrivate I. Guana: The Case of the Missing Chameleon _c Laden, Nina |
||
| 260 |
_bChronicle Books _c1995 |
||
| 300 |
_a24p _c24 cm |
||
| 942 |
_2lcc _cBK-GS |
||
| 999 |
_c12042 _d12042 |
||